Online
Catalog

Jamas me olvidaran / (Record no. 3612)

MARC details
000 -CABECERA
campo de control de longitud fija 00712cam a2200217 a 4500
001 - NÚMERO DE CONTROL
campo de control 000003790
005 - FECHA Y HORA DE LA ÚLTIMA TRANSACCIÓN
campo de control 20200929150554.0
008 - DATOS DE LONGITUD FIJA--INFORMACIÓN GENERAL
campo de control de longitud fija 930204s1994 ag 000 f spa
020 ## - NÚMERO INTERNACIONAL ESTÁNDAR DEL LIBRO
Número Internacional Estándar del Libro 9501513750
040 ## - FUENTE DE LA CATALOGACIÓN
Centro catalogador/agencia de origen DO-SdBNP
Lengua de catalogación spa
Centro/agencia transcriptor BNPHU
082 ## - NÚMERO DE LA CLASIFICACIÓN DECIMAL DEWEY
Número de clasificación 813.54
Número de documento/Ítem M329j
100 1# - ENTRADA PRINCIPAL--NOMBRE DE PERSONA
Nombre de persona Margolin, Phillip.
9 (RLIN) 11518
240 10 - TÍTULO UNIFORME
Título uniforme Gone, but not forgotten.
Lenguaje de la obra Español
245 10 - MENCIÓN DE TÍTULO
Título Jamas me olvidaran /
Mención de responsabilidad, etc. Phillip Margolin ; traducción, Silvia Sassone.
260 ## - PUBLICACIÓN, DISTRIBUCIÓN, ETC.
Lugar de publicación, distribución, etc. Buenos Aires :
Nombre del editor, distribuidor, etc. Javier Vergara,
Fecha de publicación, distribución, etc. 1994.
300 ## - DESCRIPCIÓN FÍSICA
Extensión 376 p. ;
Dimensiones 22 cm.
534 ## - NOTA SOBRE LA VERSIÓN ORIGINAL
Encabezamiento principal del original Título original:
Mención de título del original Gone, but not forgotten
650 #4 - PUNTO DE ACCESO ADICIONAL DE MATERIA--TÉRMINO DE MATERIA
Término de materia o nombre geográfico como elemento de entrada Novela estadounidense
9 (RLIN) 262
650 #4 - PUNTO DE ACCESO ADICIONAL DE MATERIA--TÉRMINO DE MATERIA
Término de materia o nombre geográfico como elemento de entrada Literatura estadounidense
9 (RLIN) 263
700 1# - PUNTO DE ACCESO ADICIONAL--NOMBRE DE PERSONA
Nombre de persona Sassone, Silvia,
Término indicativo de función/relación tr.
9 (RLIN) 11144
Holdings
Estado de retiro Estado de pérdida Restricciones de uso No para préstamo Código de colección Localización permanente Ubicación/localización actual Ubicación en estantería Fecha de adquisición Número de inventario Total de préstamos Signatura topográfica completa Código de barras Fecha visto por última vez Precio válido a partir de Tipo de ítem Koha
    Préstamo interno   Monografías: Libros y Folletos General General Depósito 13.07.2009 LF1   813.54 M329j 3790-10 25.06.2020 25.06.2020 Préstamo interno

Powered by Koha